000 00335cam a22001217a 4500
008 180718b1952 xxu||||| |||| 00| 0 eng d
082 _aT19 St23c
100 _aStamp, L.Dudley
245 _aA commercial geography
_cby L.Dudley Stamp
260 _aLondon
_bLongmans, Green
_c1952
300 _aviii,453p.
650 _aCommercial geography
999 _c435707
_d435707